Double Letter Movies Quiz Stats

 Plays Quiz Updated May 16, 2017

Challenge
Share
Tweet
Embed
Score 0/49 Timer 10:00
5 Plays Today
% Correct
Cinderella
77.4%
Aladdin
63.7%
Octopussy
58.8%
Sleeping Beauty
57.8%
Skyfall
56.6%
The Little Mermaid
54.4%
Pinocchio
52.7%
WALL-E
50.3%
Moonraker
49.1%
From Russia with Love
43.2%
Ratatouille
42.2%
Thunderball
38.2%
Moonlight
37.9%
Tomorrow Never Dies
36.2%
The Princess and the Frog
34.3%
Robin Hood
33.7%
The Jungle Book
33.2%
Forrest Gump
32.3%
Licence to Kill
31.3%
A View to a Kill
30.5%
Platoon
28.2%
Slumdog Millionaire
27.1%
The King's Speech
24.7%
Patton
24.2%
Million Dollar Baby
23.4%
% Correct
One Flew Over the Cuckoo's Nest
23%
The Good Dinosaur
22%
The Emperor's New Groove
21.4%
The Deer Hunter
21%
Annie Hall
20.8%
Zootopia
20.2%
Winnie the Pooh
19.8%
Driving Miss Daisy
19.7%
Cimarron
19.3%
The French Connection
18.8%
The Three Caballeros
18.4%
All About Eve
17.4%
It Happened One Night
17.4%
How Green Was My Valley
17.3%
Rebecca
17.1%
All Quiet on the Western Front
16.8%
Chicken Little
16.1%
Meet the Robinsons
13.1%
All the King's Men
12.9%
The Lost Weekend
12.2%
Gentleman's Agreement
12%
The Many Adventures of Winnie the Pooh
11.9%
Fun and Fancy Free
11.4%
A Man for All Seasons
10.7%

You're not logged in!

Compare scores with friends on all Sporcle quizzes.
Join for Free
OR
Log In

You Might Also Like...

Show Comments

Extras

Top Quizzes Today


Score Distribution

Your Account Isn't Verified!

In order to create a playlist on Sporcle, you need to verify the email address you used during registration. Go to your Sporcle Settings to finish the process.

Report this User

Report this user for behavior that violates our Community Guidelines.

Details: